000 005500000a22001930004500
999 _c48951
_d48951
001 1794
003 CO-MdFUSB
005 20171120185417.0
008 171120b xxu||||| |||| 00| 0 eng d
020 _a9974-7804-2-X
040 _cCO-MdBIC
082 0 4 _a170 Su21ri
100 1 _aGabaldón, Flavio
245 1 0 _aRespetar la identidad / Flavio Gabaldón
260 _aUruguay : Editorial Sudamer S.A.
300 _a16 P.
650 1 4 _aÉtica \ Valores \ Literatura Infanil \ Estudio sociales para niños \ Educación para la paz
942 _cLGB